| 000 | 00523nam a2200181Ia 4500 | ||
|---|---|---|---|
| 001 | 9141 | ||
| 005 | 20260306160701.0 | ||
| 008 | 260306t1969||||xx |||||||||||||| ||spa|| | ||
| 041 | _aESP | ||
| 082 |
_a372.87 _bG71 |
||
| 100 |
_aGonzález de Gil, Ethel, _eAUT |
||
| 245 | 0 |
_aIniciación musical infantil : _btarea diaria en los jardines de infantes, ejercitaciones y canciones para escuelas primarias |
|
| 260 | _c1969 | ||
| 300 |
_a87 páginas : _c24 cm. |
||
| 650 | _aGEN | ||
| 654 | _aCED | ||
| 942 |
_cLIB _dJUS _fJUS _2ddc _n |
||
| 999 |
_c9141 _d9141 |
||